ბათუმის შოთა რუსთაველის სახელმწიფო უნივერსიტეტის ბიბლიოთეკა

არაბულ-ქართული ლექსიკონი : (ბიბ.ჩანაწერი № 36885)

000 -ლიდერი
ფიქსირებული სიგრძის საკონტროლო ველი 01355nam a2200253Ia 4500
001 - საკონტროლო ნომერი
საკონტროლო ველი 2835
003 - საკონტროლო ნომრის იდენტიფიკატორი
საკონტროლო ველი GE_BSU
005 - ბოლო ოპერაციის თარიღი და დრო
საკონტროლო ველი 20190611162020.0
008 - ფიქსირებული სიგრძის მონაცემთა ელემენტები - ზოგადი ინფორმაცია
ფიქსირებული სიგრძის საკონტროლო ველი 181216s2011||||ge |||||||||||||| ||geo||
020 ## - წიგნის საერთაშორისო სტანდარტული ნომერი
International Standard Book Number 9789941173226
040 ## - კატალოგიზაციის წყარო
Transcribing agency GE_BSU
041 ## - ენის კოდი
Language code of text/sound track or separate title geo
080 ## - უნივერსალური ათობითი კლასიფიკაციის ინდექსი
Universal Decimal Classification number 81'374.822=411.21=353.1 ა–65
100 ## - მთავარი ჩანაწერი - პიროვნების სახელი
Personal name ანდრონიკაშვილი, მაია
9 (RLIN) 2407
245 ## - ცნობა სათაურის შესახებ
Title არაბულ-ქართული ლექსიკონი :
Remainder of title თანამედროვე არაბული ენის საუნივერსიტეტო სახელმძღვანელოსათვის /
Statement of responsibility, etc მაია ანდრონიკაშვილი, ნინო ანთიძე-კახიანი, დარეჯან გარდავაძე ; რედ. ა. სილაგაძე; თსუ.
264 ## - წარმოების, გამოცემის, დისტრიბუციის და სხვა ცნობები
გამოცემის, წარმოების, დისტრიბუციის... ადგილი თბილისი :
გამოცემის, წარმოების, დისტრიბუციის... სახელწოდება უნივერსალი,
გამოცემის, წარმოების, დისტრიბუციის... თარიღი 2011.
300 ## - ფიზიკური აღწერა
Extent 335 გვ.
Other physical details 21 სმ.
653 ## - INDEX TERM--UNCONTROLLED
Uncontrolled term ლექსიკონი
700 ## - ADDED ENTRY--PERSONAL NAME
Personal name ანთიძე-კახიანი, ნინო
Relator term ავტორი
9 (RLIN) 2408
700 ## - ADDED ENTRY--PERSONAL NAME
Personal name გარდავაძე, დარეჯან
Relator term ავტორი
9 (RLIN) 2409
700 ## - ADDED ENTRY--PERSONAL NAME
Personal name სილაგაძე, ა.
Relator term რედაქტორი
9 (RLIN) 2410
710 ## - ADDED ENTRY--CORPORATE NAME
Corporate name or jurisdiction name as entry element თსუ
9 (RLIN) 2411
942 ## - ADDED ENTRY ELEMENTS (KOHA)
Koha item type წიგნი
Source of classification or shelving scheme
ეგზემპლარები
ჩამოწერის სტატუსი დაკარგული ეგზემპლარის სტატუსი კლასიფიკაციის წყარო ან თაროზე გაწყობის სქემა დაზიანების სტატუსი არ გაიცემა მუდმივი მდებარეობა (დაცვის ადგილი) ამჟამინდელი ადგილსამყოფელი თაროზე განთავსების ადგილი შეძენის თარიღი სრული შენახვის შიფრი შტრიხკოდი ბოლო ოპერაციის თარიღი ეგზემპლარის მიმდევრობითი ნომერი (კეტერი?) ფასის ძალაში შესვლის თარიღი ეგზემპლარის სახეობა საჯარო შენიშვნა
          ბათუმის შოთა რუსთაველის სახელმწიფო უნივერსიტეტის მთავარი ბიბლიოთეკა ბათუმის შოთა რუსთაველის სახელმწიფო უნივერსიტეტის მთავარი ბიბლიოთეკა წიგნსაცავი 2018-12-17 81'374.822=411.21=353.1 ა–65 4798 2018-12-17 4798 2018-12-17 წიგნი